Stosunek matek do potrzeb aktywnošci ruchowej dziecka

Prieskum účasti matiek na pohybovej výchove detí. Skúmaná vzorka ukázala viac pasívnu ako aktívnu účasť matiek. Pozorované ženy boli v spoločnosti svojich mužov s deťmi viac vo voľné dni a medzi 16.00 a 18.00 hod. Pozorované situácie poukazujú na väčšiu zaangažovanosť otcov do pohybovej aktivity det...

Full description

Bibliographic Details
Main Author: Parnicka, Urszula (Author)
Format: Article
Language:Polish

MARC

LEADER 00000nab a2200000 a 4500
001 vtls001503476
003 SK-MaSNL
005 20260304170515.0
008 050227s1997 xo 000 0 pol
035 |a SPKCL5803 
040 |a SPKCL  |b slo  |c SNKBUCL  |d ŠVK P(ŠME)  |e AACR2 
041 |a pol 
044 |a xo  |c SK 
080 |a 372.36:372.363:3-055.52-055.2  |2 1981 
080 |a 372.3  |2 1981 
100 1 |a Parnicka, Urszula  |4 aut  |9 1497906 
245 1 0 |a Stosunek matek do potrzeb aktywnošci ruchowej dziecka  |c Urszula Parnicka 
520 |a Prieskum účasti matiek na pohybovej výchove detí. Skúmaná vzorka ukázala viac pasívnu ako aktívnu účasť matiek. Pozorované ženy boli v spoločnosti svojich mužov s deťmi viac vo voľné dni a medzi 16.00 a 18.00 hod. Pozorované situácie poukazujú na väčšiu zaangažovanosť otcov do pohybovej aktivity detí. 
773 1 |t Wychowanie w przedszkolu  |g Roč. 50, č. 4 (1997) s. 200-205 
850 |a Slovenská pedagogická knižnica Bratislava 
852 |a SPKCL  |b KIS3GCP  |b 000710000  |n SK 
999 |c 2989109  |d 2991039